000 00242nam a2200097Ia 4500
001 838706
005 20250826172557.0
008 250824s9999 xx 000 0 und d
245 0 _aSÜPER EKONOMİ
_cASENA MERİÇ
260 _bYEDİVEREN YAYINLARI
999 _c838706
_d838706